01110 a2200169 45000010006000000050017000060080041000230030015000640400040000790800075001192450128001942640044003223000019003665050515003851000019009007000021009195461220260407155820.0260407a1980 arg spa dAR-UNSa-BCEJYS aAR-UNSa-BCEJYSbspacAR-UNSa-BCEJYS a342.1xEstado. Pueblo. Nación. Poder del estado (Derecho político)10aIntroducción a la Teoría del Estadopfundamentos históricos de la legitimidad del estado constitucional democrático 1aBuenos Aires :bEdiciones Depalmac1980 a497 p.c23 cm. aPrimera Parte: 1. Legitimidad – 2. Soberanía – 3. Soberanía externa - - Segunda Parte: 1. Dominio del derecho – 2. Las raíces del estado constitucional en Inglaterra del siglo XVII – 3. Derechos humanos y división de poderes – 4. Parlamentarismo – 5. Estado constitucional - - Tercera Parte: 1. Soberanía del pueblo – 2. Soberanía del pueblo e identidad ejemplificadas en las dos revoluciones francesas de 1789 y 1792 – 3 Estado y sociedad en Alemania – 4. Democracia y libertad. 1 aKriele, Martin1 aBulygin, Eugenio